Level of customer satisfaction of Tea Talk Café Customers / (Record no. 229133)
[ view plain ]
| 000 -LEADER | |
|---|---|
| fixed length control field | 00485nam a2200145Ia 4500 |
| 008 - FIXED-LENGTH DATA ELEMENTS--GENERAL INFORMATION | |
| fixed length control field | 140724s9999 xx 000 0 und d |
| 050 ## - LIBRARY OF CONGRESS CALL NUMBER | |
| Classification number | HD 58.7 |
| Item number | .N754 |
| 100 ## - MAIN ENTRY--PERSONAL NAME | |
| Personal name | Nobuta, Oliver Toru R. |
| 245 ## - TITLE STATEMENT | |
| Title | Level of customer satisfaction of Tea Talk Café Customers / |
| Statement of responsibility, etc | Oliver Toru R. Nobuta. |
| 260 ## - PUBLICATION, DISTRIBUTION, ETC. (IMPRINT) | |
| Place of publication, distribution, etc | Las Piñas, Philippines : |
| Name of publisher, distributor, etc | Southville International School and Colleges, |
| 300 ## - PHYSICAL DESCRIPTION | |
| Extent | 49 p. : |
| Dimensions | 28 cm. |
| 521 ## - TARGET AUDIENCE NOTE | |
| Target audience note | |
| 942 ## - ADDED ENTRY ELEMENTS (KOHA) | |
| Koha item type | Theses |
| Withdrawn status | Lost status | Damaged status | Home library | Current library | Shelving location | Date acquired | Total Checkouts | Full call number | Barcode | Date last seen | Price effective from | Koha item type |
|---|---|---|---|---|---|---|---|---|---|---|---|---|
| College Library | College Library | Theses Section | 07/24/2014 | HD 58.7 .N754 | T0487 | 05/15/2018 | 07/24/2014 | Theses |